[Event "12th 4NCL Congress"]
[Site "Harrogate"]
[Date "2017.01.08"]
[Round "4"]
[Board "10"]
[White "Bowman, Richard L"]
[Black "Heald, Carl"]
[Result "0-1"]
[WhiteElo "1817"]
[BlackElo "1915"]
[PlyCount "120"]
[EventDate "2017.01.06"]
[EventRounds "5"]
[EventCountry "ENG"]

1. d4 Nf6 2. Bf4 g6 3. Nc3 Bg7 4. e4 d6 5. Qd2 c6 6. Be2 b5 7. a3 Qb6 8. Nf3
Na6 9. Rd1 Nc7 10. e5 dxe5 11. dxe5 Nfd5 12. O-O Ba6 13. e6 Nxe6 14. Nxd5 cxd5
15. Qxd5 O-O 16. Be3 Qc7 17. c3 Rfd8 18. Qe4 Bb7 19. Qb4 a5 20. Qh4 Rd5 21.
Rxd5 Bxd5 22. Ng5 Nxg5 23. Qxg5 Bc4 24. Bxc4 bxc4 25. Rd1 Rd8 26. Qg4 Rd3 27.
Qf3 h5 28. g3 Qe5 29. Re1 f5 30. Qa8+ Kh7 31. Kf1 Qb5 32. Qa7 e5 33. Qb6 Qd5
34. h4 Qh1+ 35. Ke2 Qg2 36. Qb5 Qd5 37. Qc5 a4 38. Qxd5 Rxd5 39. Rd1 Rb5 40.
Bc1 Rb7 41. Rd5 Bh6 42. f4 exf4 43. gxf4 Re7+ 44. Kf2 Re4 45. Rd4 Rxd4 46. cxd4
Kg7 47. Ke3 Kf7 48. d5 Bg7 49. Bd2 Bxb2 50. Bb4 Bf6 51. Kd2 Ke8 52. Bc3 Bxh4
53. Ke3 Kd7 54. Be5 Be7 55. Kd4 Bxa3 56. Kxc4 Be7 57. Bd4 h4 58. Bg1 Bd6 59.
Bf2 h3 60. Bg3 g5 0-1

[Event "12th 4NCL Congress"]
[Site "Harrogate"]
[Date "2017.01.08"]
[Round "4"]
[Board "11"]
[White "Whale, Michael"]
[Black "Riding, Mick D"]
[Result "0-1"]
[WhiteElo "1808"]
[BlackElo "1898"]
[PlyCount "41"]
[EventDate "2017.01.06"]
[EventRounds "5"]
[EventCountry "ENG"]

1. e4 g6 2. d4 Bg7 3. Nf3 c5 4. d5 d6 5. Nc3 Nf6 6. Bd2 O-O 7. Be2 e5 8. h3 a6
9. a4 Nbd7 10. Rb1 Ne8 11. Bd3 f5 12. Ng5 Ndf6 13. exf5 gxf5 14. f4 e4 15. Bc4
Nc7 16. Kf1 Qe8 17. h4 b5 18. Ba2 c4 19. Ne2 Nfxd5 20. Qe1 Bb7 21. Bxc4 0-1

[Event "12th 4NCL Congress"]
[Site "Harrogate"]
[Date "2017.01.08"]
[Round "4"]
[Board "12"]
[White "Robson, Paul E"]
[Black "May, Paul"]
[Result "1-0"]
[WhiteElo "1897"]
[BlackElo "1795"]
[PlyCount "99"]
[EventDate "2017.01.06"]
[EventRounds "5"]
[EventCountry "ENG"]

1. e4 c5 2. Nf3 a6 3. b3 e6 4. d3 Qc7 5. Bb2 d6 6. Nbd2 Nd7 7. g3 b6 8. Bg2 Bb7
9. O-O Ngf6 10. Ng5 h6 11. Nh3 e5 12. f4 O-O-O 13. c4 Rg8 14. Nf3 Ng4 15. Bc1
g6 16. Nh4 h5 17. f5 Be7 18. fxg6 fxg6 19. Ng5 Bxg5 20. Bxg5 Rdf8 21. Rxf8+
Nxf8 22. h3 Ne6 23. Qd2 Nf2 24. Kxf2 Kb8 25. Kg1 Bc8 26. Rf1 Nd4 27. Rf6 Kb7
28. Qf2 Be6 29. Nf3 Nxf3+ 30. Qxf3 Qd7 31. h4 Kc6 32. Rf8 Qg7 33. Rxg8 Qxg8 34.
Qf6 Qf7 35. Qxf7 Bxf7 36. Bh3 b5 37. Bd8 Kb7 38. Bd7 b4 39. Kf2 Kb8 40. Ke2 Kb7
41. Kd2 Kb8 42. Kc2 Kb7 43. Kb2 Kb8 44. a3 bxa3+ 45. Kxa3 Kb7 46. Ka4 Bg8 47.
Be8 Bh7 48. Bf7 Kc8 49. Bf6 Kd7 50. Ka5 1-0

[Event "12th 4NCL Congress"]
[Site "Harrogate"]
[Date "2017.01.08"]
[Round "4"]
[Board "13"]
[White "Williamson, A Graham"]
[Black "Dean, Robert A"]
[Result "1/2-1/2"]
[WhiteElo "1862"]
[BlackElo "1838"]
[PlyCount "43"]
[EventDate "2017.01.06"]
[EventRounds "5"]
[EventCountry "ENG"]

1. d4 d5 2. Bf4 Nf6 3. e3 g6 4. Bd3 Bg7 5. Nf3 O-O 6. Nbd2 Nbd7 7. c3 c5 8. Qe2
Qb6 9. O-O-O cxd4 10. exd4 Re8 11. h4 Nf8 12. Ne5 Nh5 13. Be3 f5 14. g4 fxg4
15. Nxg4 Bxg4 16. Qxg4 Qa5 17. Kb1 e5 18. dxe5 Bxe5 19. Nb3 Qc7 20. Rdg1 Nf6
21. Qg2 Ne4 22. Bxe4 1/2-1/2

[Event "12th 4NCL Congress"]
[Site "Harrogate"]
[Date "2017.01.08"]
[Round "4"]
[Board "14"]
[White "Jones, Rupert W"]
[Black "Brooke, John"]
[Result "0-1"]
[WhiteElo "1842"]
[BlackElo "1655"]
[PlyCount "37"]
[EventDate "2017.01.06"]
[EventRounds "5"]
[EventCountry "ENG"]

1. e4 d6 2. Nc3 Nf6 3. g3 g6 4. Bg2 c6 5. d3 Bg7 6. f4 b5 7. Nf3 Qb6 8. Qe2 b4
9. Nd1 Bb7 10. Be3 Qa5 11. Nd2 Qc7 12. O-O O-O 13. h3 a5 14. Nc4 c5 15. Qf2
Nbd7 16. f5 Nb6 17. Nxb6 Qxb6 18. g4 Nd7 19. Qh4 {score illegible} 0-1

[Event "12th 4NCL Congress"]
[Site "Harrogate"]
[Date "2017.01.08"]
[Round "4"]
[Board "16"]
[White "Burrows, Nick"]
[Black "Davies, Sam"]
[Result "1-0"]
[WhiteElo "1871"]
[BlackElo "1757"]
[PlyCount "111"]
[EventDate "2017.01.06"]
[EventRounds "5"]
[EventCountry "ENG"]

1. f4 d5 2. Nf3 Nf6 3. g3 e6 4. Bg2 Be7 5. d3 O-O 6. O-O c5 7. c3 Nc6 8. Na3 a6
9. Qc2 b5 10. e4 b4 11. Nb1 Bb7 12. e5 Ne8 13. d4 cxd4 14. cxd4 Rc8 15. Qf2 Nc7
16. Be3 Nb5 17. Kh1 Na5 18. b3 Nc3 19. Nxc3 bxc3 20. Ne1 Bc6 21. Nc2 Bb5 22.
Rfd1 Bd7 23. Bc1 Nc6 24. Ba3 Bxa3 25. Nxa3 Qa5 26. Nc2 Nb4 27. Nxb4 Qxb4 28.
Rac1 Rc7 29. Rc2 a5 30. f5 a4 31. f6 axb3 32. axb3 Qxb3 33. Rdc1 Bb5 34. Qe3
gxf6 35. exf6 Kh8 36. Rxc3 Rxc3 37. Qxc3 Qxc3 38. Rxc3 h6 39. Bf3 Bf1 40. Kg1
Bc4 41. Ra3 Kh7 42. Bh5 Kg8 43. Kf2 Rb8 44. Ra7 Rf8 45. Ke3 Bf1 46. Kf4 Bd3 47.
Ke5 Bc4 48. Ra3 Bb5 49. h4 Rc8 50. Ra7 Rf8 51. Ra2 Rc8 52. g4 Rc1 53. Ra8+ Kh7
54. Bxf7 Re1+ 55. Kd6 Bc4 56. g5 1-0

[Event "12th 4NCL Congress"]
[Site "Harrogate"]
[Date "2017.01.08"]
[Round "4"]
[Board "17"]
[White "Holi, Siefaldin A"]
[Black "Desmedt, Richard E"]
[Result "0-1"]
[WhiteElo "1733"]
[BlackElo "1839"]
[PlyCount "94"]
[EventDate "2017.01.06"]
[EventRounds "5"]
[EventCountry "ENG"]

1. d4 d5 2. Nc3 f5 3. Bf4 c6 4. Nf3 Nf6 5. e3 e6 6. a4 Be7 7. Be2 a5 8. h3 Ne4
9. Ne5 O-O 10. Nxe4 fxe4 11. O-O Nd7 12. c4 Nxe5 13. Bxe5 Bd6 14. f4 exf3 15.
Bxd6 fxe2 16. Rxf8+ Qxf8 17. Qxe2 Qxd6 18. c5 Qe7 19. Rf1 Bd7 20. Qd2 e5 21. b4
axb4 22. Qxb4 Rb8 23. a5 exd4 24. exd4 Qd8 25. Qd2 Ra8 26. Qf4 h6 27. h4 Qe7
28. Qc7 Qd8 29. Qf4 Rxa5 30. Qf7+ Kh7 31. h5 Qe8 32. Qf3 Ra4 33. Qc3 Rc4 34.
Qd3+ Qe4 35. Qxe4+ dxe4 36. Rf7 Rxd4 37. Kf2 Bg4 38. Ke3 Rc4 39. Rxb7 Rxc5 40.
Kxe4 Bxh5 41. Rc7 Rc2 42. g3 c5 43. Kf4 c4 44. g4 Bg6 45. Ke3 c3 46. Rc6 Rc1
47. Ke2 c2 0-1

[Event "12th 4NCL Congress"]
[Site "Harrogate"]
[Date "2017.01.08"]
[Round "4"]
[Board "18"]
[White "Nandi, Robin J"]
[Black "Allison, Paul A"]
[Result "1-0"]
[WhiteElo "1839"]
[BlackElo "1601"]
[PlyCount "143"]
[EventDate "2017.01.06"]
[EventRounds "5"]
[EventCountry "ENG"]

1. d4 f5 2. Nf3 e6 3. c4 Nf6 4. Nc3 Be7 5. g3 O-O 6. Bg2 d6 7. O-O Qe8 8. b4
Qh5 9. Qc2 Nc6 10. b5 Nd8 11. Bb2 Nf7 12. Na4 Ne4 13. Rad1 Bf6 14. Nc3 Nxc3 15.
Bxc3 e5 16. dxe5 dxe5 17. Qb2 Nd6 18. Nxe5 Be6 19. Bd5 Bxd5 20. cxd5 Bxe5 21.
Bxe5 Nc4 22. Qd4 Nxe5 23. Qxe5 Qf7 24. Rc1 Rac8 25. Qd4 Rfd8 26. Rfd1 c6 27.
Qc4 g6 28. bxc6 bxc6 29. Qa6 c5 30. Qc4 Rd6 31. Rb1 Rb6 32. Rb5 Rxb5 33. Qxb5
c4 34. d6 Rd8 35. d7 Qe6 36. e3 c3 37. Qd5 Qxd5 38. Rxd5 c2 39. Rc5 Rxd7 40.
Rxc2 Kf7 41. Rc6 Ke7 42. h4 Rb7 43. Kg2 Kd7 44. Ra6 Ke7 45. Kf3 Kf7 46. Kf4 Kg7
47. Ke5 Re7+ 48. Kd6 Rf7 49. Ke5 Re7+ 50. Kf4 Re4+ 51. Kf3 Re7 52. a4 Kh6 53.
a5 Kh5 54. Rc6 Kh6 55. a6 Kh5 56. Rd6 Kh6 57. Ke2 Kh5 58. f3 Rc7 59. Kd3 Re7
60. Kd4 Rc7 61. Ke5 Rc3 62. Rd7 Kh6 63. Kf4 Rc4+ 64. e4 fxe4 65. fxe4 Rc1 66.
Rxa7 Rf1+ 67. Kg4 Re1 68. Re7 Ra1 69. a7 Ra4 70. Kf4 Ra6 71. g4 Rf6+ 72. Kg3
 1-0

[Event "12th 4NCL Congress"]
[Site "Harrogate"]
[Date "2017.01.08"]
[Round "4"]
[Board "19"]
[White "Dunkley, Michael"]
[Black "Raghavendra, Mahima G"]
[Result "1/2-1/2"]
[WhiteElo "1798"]
[BlackElo "1517"]
[PlyCount "44"]
[EventDate "2017.01.06"]
[EventRounds "5"]
[EventCountry "ENG"]

1. d4 d5 2. Bf4 Nf6 3. e3 c6 4. c3 Bf5 5. Qb3 Qb6 6. Nd2 Nbd7 7. Ngf3 Nh5 8.
Be2 Nxf4 9. exf4 e6 10. O-O Be7 11. Rfe1 O-O 12. Bf1 h6 13. Re3 Bd6 14. g3 Nf6
15. Ne5 Qc7 16. Bd3 Bxd3 17. Nxd3 b6 18. Qa4 c5 19. Rc1 c4 20. Ne5 g6 21. Qd1
Bxe5 22. fxe5 Nh7 1/2-1/2

[Event "12th 4NCL Congress"]
[Site "Harrogate"]
[Date "2017.01.08"]
[Round "4"]
[Board "20"]
[White "Salisbury, Paul"]
[Black "CORCORAN, Gary"]
[Result "0-1"]
[WhiteElo "1708"]
[BlackElo "1836"]
[PlyCount "78"]
[EventDate "2017.01.06"]
[EventRounds "5"]
[EventCountry "ENG"]

1. e4 c5 2. Nf3 d6 3. Be2 Nf6 4. c3 Nc6 5. d4 cxd4 6. cxd4 Nxe4 7. d5 Qa5+ 8.
Nc3 Nxc3 9. bxc3 Ne5 10. Nxe5 dxe5 11. O-O Qxc3 12. Bb5+ Bd7 13. Bxd7+ Kxd7 14.
Rb1 Qc7 15. Qa4+ Kd8 16. Bd2 b6 17. Rfc1 Qd7 18. Qe4 f6 19. d6 Rc8 20. Rxc8+
Qxc8 21. Rc1 Qb8 22. dxe7+ Bxe7 23. Qc6 Bc5 24. Rd1 Ke7 25. Be3 Rd8 26. Bxc5+
bxc5 27. Qxc5+ Kf7 28. Rc1 Rd7 29. h3 Qd6 30. Qxd6 Rxd6 31. Rc7+ Ke6 32. Rxa7
Rd7 33. Rxd7 Kxd7 34. Kf1 f5 35. Ke2 g5 36. Ke3 h5 37. g3 Kc6 38. f4 gxf4+ 39.
gxf4 e4 0-1

[Event "12th 4NCL Congress"]
[Site "Harrogate"]
[Date "2017.01.08"]
[Round "4"]
[Board "21"]
[White "Bin-Suhayl, Yousuf"]
[Black "Robinson, Brian"]
[Result "1/2-1/2"]
[WhiteElo "1788"]
[BlackElo "1565"]
[PlyCount "56"]
[EventDate "2017.01.06"]
[EventRounds "5"]
[EventCountry "ENG"]

1. b4 Nf6 2. Bb2 e6 3. a3 d5 4. e3 Be7 5. Nf3 O-O 6. c4 c6 7. Be2 b6 8. O-O Bb7
9. Nc3 Nbd7 10. Rc1 Rc8 11. cxd5 cxd5 12. Qa4 Bc6 13. Bb5 Bxb5 14. Nxb5 Ra8 15.
Nc7 Rc8 16. Qxa7 Bd6 17. Nb5 Bb8 18. Bxf6 gxf6 19. Qb7 Kh8 20. Nfd4 f5 21. Nc6
Bxh2+ 22. Kxh2 Qh4+ 23. Kg1 Rg8 24. Rfe1 Qh3 25. g3 Rxg3+ 26. fxg3 Qxg3+ 27.
Kf1 Qf3+ 28. Kg1 Qg3+ 1/2-1/2

[Event "12th 4NCL Congress"]
[Site "Harrogate"]
[Date "2017.01.08"]
[Round "4"]
[Board "22"]
[White "Potter, Steven"]
[Black "MATTHEWS, Graham W"]
[Result "1-0"]
[WhiteElo "1900"]
[BlackElo "1637"]
[PlyCount "97"]
[EventDate "2017.01.06"]
[EventRounds "5"]
[EventCountry "ENG"]

1. d4 d5 2. Bg5 c6 3. e3 Bf5 4. Nd2 Nd7 5. Ngf3 Ngf6 6. Be2 e6 7. O-O Be7 8. c4
O-O 9. c5 Ne4 10. Bxe7 Qxe7 11. b4 Nc3 12. Qe1 a6 13. Nb3 Nxe2+ 14. Qxe2 Bg4
15. e4 Qf6 16. Nbd2 Rfe8 17. e5 Qg6 18. Qe3 b5 19. Nh4 Qc2 20. a3 Bf5 21. Nxf5
Qxf5 22. Nb3 Ra7 23. Na5 Rc7 24. f3 f6 25. f4 Qe4 26. Qd2 Nb8 27. Rae1 Qg6 28.
Rf3 Qh6 29. Qc2 Qg6 30. Qxg6 hxg6 31. exf6 gxf6 32. g4 Rce7 33. Kf2 e5 34. fxe5
fxe5 35. dxe5 Rxe5 36. Rxe5 Rxe5 37. Rf6 Kg7 38. Rd6 Re4 39. h3 Rd4 40. Rd8 Rd3
41. Rxb8 Rxa3 42. Nxc6 Rxh3 43. g5 Rh2+ 44. Kg3 Rd2 45. Rb7+ Kf8 46. Rd7 Ke8
47. Rd6 Rd3+ 48. Kf4 Rc3 49. Rxd5 1-0

[Event "12th 4NCL Congress"]
[Site "Harrogate"]
[Date "2017.01.08"]
[Round "4"]
[Board "23"]
[White "Stone, Ian C"]
[Black "Patterson, Dave"]
[Result "1/2-1/2"]
[WhiteElo "1840"]
[BlackElo "1585"]
[PlyCount "130"]
[EventDate "2017.01.06"]
[EventRounds "5"]
[EventCountry "ENG"]

1. c4 Nf6 2. Nc3 c5 3. g3 Nc6 4. Bg2 g6 5. Nf3 Bg7 6. d3 O-O 7. O-O Re8 8. Bd2
d6 9. Rb1 Bg4 10. h3 Bd7 11. a3 Rb8 12. b4 b6 13. b5 Nd4 14. e3 Nxf3+ 15. Qxf3
Qc8 16. Kh2 h5 17. e4 Nh7 18. Nd5 e6 19. Nc3 Qd8 20. Qe2 Bd4 21. f4 Bc8 22. e5
Bb7 23. Rbe1 Bxg2 24. Qxg2 dxe5 25. fxe5 Bxc3 26. Bxc3 Qxd3 27. Bd2 Rbd8 28.
Rf2 Rd7 29. Ref1 Red8 30. Bh6 Qxc4 31. Qf3 f5 32. exf6 Kf7 33. Re1 Rd5 34. Re4
Rd4 35. Qf4 R8d7 36. Rxd4 Qxd4 37. Qf3 Rd5 38. Rd2 Qc4 39. g4 Rxd2+ 40. Bxd2
Qd5 41. Qxd5 exd5 42. g5 Ke6 43. Kg3 Nf8 44. Kf3 Nd7 45. Bf4 c4 46. Ke3 Kf5 47.
h4 Ke6 48. Kd4 Nc5 49. Bb8 a6 50. a4 axb5 51. axb5 Nd7 52. Bc7 Kf7 53. Kxd5 c3
54. Bf4 Nf8 55. Kc4 Ne6 56. Be3 c2 57. Kc3 Nc7 58. Kc4 Ke6 59. Kd3 Nxb5 60.
Kxc2 Nd6 61. Bxb6 Kf5 62. Bc7 Nf7 63. Bg3 Ke4 64. Kc3 Kd5 65. Kd3 Nd8 1/2-1/2

[Event "12th 4NCL Congress"]
[Site "Harrogate"]
[Date "2017.01.07"]
[Round "3"]
[Board "1"]
[White "Goodfellow, Russell R"]
[Black "Ackley, Peter Je"]
[Result "0-1"]
[WhiteElo "1905"]
[BlackElo "1980"]
[PlyCount "52"]
[EventDate "2017.01.06"]
[EventRounds "5"]
[EventCountry "ENG"]

1. e4 g6 2. d4 Bg7 3. c3 d6 4. h4 Nf6 5. Bd3 e5 6. Bg5 h6 7. Bd2 Nc6 8. d5 Nb8
9. c4 Nh5 10. g3 Nd7 11. Nc3 Nc5 12. Bc2 a5 13. b3 Bd7 14. Rb1 O-O 15. a3 Qe8
16. g4 Nf4 17. f3 f5 18. exf5 gxf5 19. b4 axb4 20. axb4 Ncd3+ 21. Bxd3 Nxd3+
22. Ke2 Nf4+ 23. Ke3 fxg4 24. fxg4 Ng2+ 25. Kd3 Qg6+ 26. Ne4 Bxg4 0-1

[Event "12th 4NCL Congress"]
[Site "Harrogate"]
[Date "2017.01.07"]
[Round "3"]
[Board "2"]
[White "Holroyd, Nigel P"]
[Black "Wagg, Joel"]
[Result "1/2-1/2"]
[WhiteElo "1975"]
[BlackElo "1915"]
[PlyCount "36"]
[EventDate "2017.01.06"]
[EventRounds "5"]
[EventCountry "ENG"]

1. d4 Nf6 2. Nf3 g6 3. e3 Bg7 4. Nbd2 d6 5. Be2 Nbd7 6. b3 O-O 7. Bb2 c5 8. O-O
b6 9. c4 Bb7 10. d5 e5 11. e4 Ne8 12. h3 f5 13. exf5 gxf5 14. Nh2 Kh8 15. g4 e4
16. Bxg7+ Nxg7 17. Qe1 Rg8 18. Kh1 a5 1/2-1/2

[Event "12th 4NCL Congress"]
[Site "Harrogate"]
[Date "2017.01.07"]
[Round "3"]
[Board "3"]
[White "David, Ivan"]
[Black "Whitehead, Mark A"]
[Result "1/2-1/2"]
[WhiteElo "1869"]
[BlackElo "1935"]
[PlyCount "88"]
[EventDate "2017.01.06"]
[EventRounds "5"]
[EventCountry "ENG"]

1. d4 Nf6 2. Bf4 d6 3. e3 c6 4. c3 g6 5. Be2 Bg7 6. Nf3 Nbd7 7. h3 O-O 8. O-O
Re8 9. Bh2 Qb6 10. Qb3 h6 11. Nbd2 Qxb3 12. axb3 b6 13. b4 Nd5 14. e4 Nc7 15.
e5 d5 16. Ra2 e6 17. Rfa1 a6 18. Nb3 Bf8 19. Bf4 Bb7 20. Be3 Rac8 21. Ne1 Kg7
22. f4 Be7 23. g4 f5 24. Nd3 Rg8 25. Kh2 Kf7 26. Rf1 Rg7 27. Raa1 Rcg8 28. Rg1
Bf8 29. Rg2 Be7 30. Rag1 Bd8 31. Nd2 Be7 32. Nf3 Bd8 33. gxf5 exf5 34. h4 Ne6
35. h5 g5 36. Bd1 gxf4 37. Rxg7+ Rxg7 38. Rxg7+ Kxg7 39. Nxf4 Ndf8 40. Be2 Nxf4
41. Bxf4 Bc8 42. Kg3 Nh7 43. Nh4 Bxh4+ 44. Kxh4 Be6 1/2-1/2

[Event "12th 4NCL Congress"]
[Site "Harrogate"]
[Date "2017.01.07"]
[Round "3"]
[Board "4"]
[White "Heald, Carl"]
[Black "Press, Harry"]
[Result "0-1"]
[WhiteElo "1915"]
[BlackElo "1826"]
[PlyCount "117"]
[EventDate "2017.01.06"]
[EventRounds "5"]
[EventCountry "ENG"]

1. d4 Nf6 2. c4 e6 3. Nc3 Bb4 4. Qc2 d5 5. Nf3 c5 6. a3 Bxc3+ 7. Qxc3 cxd4 8.
Qxd4 Nc6 9. Qh4 dxc4 10. Qxc4 O-O 11. e4 e5 12. b4 Be6 13. Qd3 Qe7 14. Be2 Rfd8
15. Qb1 Rac8 16. O-O Bg4 17. Ra2 Bxf3 18. Bxf3 Nd4 19. Be2 Qe6 20. f3 Rc3 21.
Rd2 Nh5 22. Kh1 Ng3+ 23. hxg3 Qh6+ 24. Kg1 Qe3+ 25. Kh2 Rd6 26. g4 Qh6+ 27. Kg1
Qe3+ 28. Kh2 Rh6+ 29. Kg3 Nxe2+ 30. Rxe2 Qxe2 31. Bxh6 gxh6 32. Rf2 Qe3 33. a4
Rc1 34. Rf1 Rxb1 35. Rxb1 b6 36. a5 bxa5 37. bxa5 Qc5 38. Ra1 a6 39. Ra2 Kf8
40. Ra1 Ke7 41. Ra2 Kd6 42. Kh4 Kc6 43. g5 hxg5+ 44. Kxg5 Qd6 45. g4 Kb5 46.
Kh4 Qh6+ 47. Kg3 Qg5 48. Kf2 h5 49. gxh5 Qxh5 50. Kg3 Qg5+ 51. Kf2 Kb4 52. Ra1
Qd2+ 53. Kg3 Kb5 54. Rb1+ Kxa5 55. Rb7 f6 56. Rb8 Ka4 57. Rb6 a5 58. Rxf6 Qg5+
59. Kf2 0-1

[Event "12th 4NCL Congress"]
[Site "Harrogate"]
[Date "2017.01.07"]
[Round "3"]
[Board "5"]
[White "CAWSTON, M John"]
[Black "Robson, Paul E"]
[Result "1-0"]
[WhiteElo "1820"]
[BlackElo "1897"]
[PlyCount "95"]
[EventDate "2017.01.06"]
[EventRounds "5"]
[EventCountry "ENG"]

1. Nf3 g6 2. g3 Bg7 3. d4 c5 4. c4 cxd4 5. Nxd4 Nc6 6. Nxc6 bxc6 7. Qc2 Nf6 8.
Bg2 O-O 9. O-O Qc7 10. Rd1 d6 11. Nc3 Rb8 12. Bg5 h6 13. Bd2 Be6 14. b3 Bf5 15.
e4 Bg4 16. Re1 e5 17. h3 Be6 18. Rac1 Rbd8 19. Be3 Nd7 20. Red1 Kh7 21. Nd5 Qb7
22. Qd2 Nb8 23. Nc3 a6 24. Kh2 c5 25. f4 f6 26. f5 Bf7 27. fxg6+ Bxg6 28. Rf1
Bf7 29. Nd5 Bxd5 30. cxd5 Rh8 31. Rf5 Qf7 32. Bf3 Rd7 33. Bh5 Qf8 34. Rcf1 Re7
35. Qe2 Rg8 36. Qg4 Bh8 37. Qh4 Nd7 38. Bg4 Rxg4 39. hxg4 Kg8 40. Rh5 Rh7 41.
g5 Qe8 42. gxh6 Qg6 43. Rff5 Qe8 44. Qg4+ Kf8 45. Kg2 Ke7 46. Rh1 Nf8 47. Rf2
Ng6 48. Qe6+ 1-0

[Event "12th 4NCL Congress"]
[Site "Harrogate"]
[Date "2017.01.07"]
[Round "3"]
[Board "6"]
[White "Cowan, Richard M"]
[Black "Whale, Michael"]
[Result "1-0"]
[WhiteElo "1890"]
[BlackElo "1808"]
[PlyCount "79"]
[EventDate "2017.01.06"]
[EventRounds "5"]
[EventCountry "ENG"]

1. e4 e5 2. Nf3 Nc6 3. Bb5 a6 4. Ba4 Nf6 5. O-O b5 6. Bb3 Be7 7. Re1 O-O 8. c3
d5 9. exd5 Nxd5 10. Nxe5 Nxe5 11. Rxe5 c6 12. d4 Bd6 13. Re1 Qh4 14. g3 Qh3 15.
Qf3 Bg4 16. Qg2 Rae8 17. Be3 Qh5 18. Nd2 Re7 19. Bd1 Bxd1 20. Raxd1 Rfe8 21.
Nf1 f5 22. Bd2 Rxe1 23. Rxe1 Rxe1 24. Bxe1 Qd1 25. c4 bxc4 26. Bc3 Qe2 27. f4
Qe6 28. Qd2 Qe4 29. Kf2 Kf7 30. Qe2 Nxc3 31. bxc3 Qxe2+ 32. Kxe2 Ke6 33. Ne3
Bc7 34. Nxc4 Kd5 35. Kd3 g6 36. g4 h6 37. Ne5 Bxe5 38. dxe5 c5 39. h3 h5 40. a3
 1-0

[Event "12th 4NCL Congress"]
[Site "Harrogate"]
[Date "2017.01.07"]
[Round "3"]
[Board "7"]
[White "Jones, Neil T"]
[Black "Williamson, A Graham"]
[Result "1-0"]
[WhiteElo "1788"]
[BlackElo "1862"]
[PlyCount "51"]
[EventDate "2017.01.06"]
[EventRounds "5"]
[EventCountry "ENG"]

1. e4 d5 2. exd5 Qxd5 3. Nc3 Qa5 4. d4 c6 5. Nf3 Bg4 6. Bc4 Nf6 7. Bd2 Nbd7 8.
Nd5 Qd8 9. Nxf6+ Nxf6 10. Ne5 Qc8 11. Bxf7+ Kd8 12. Nxg4 Nxg4 13. Qe2 Nf6 14.
O-O-O g6 15. Bf4 Qf5 16. Be5 Bh6+ 17. Kb1 Rf8 18. Bb3 Nd5 19. Bxd5 cxd5 20. f3
Rc8 21. Rhe1 Rc6 22. Rd3 Kd7 23. Bg7 Bxg7 24. Qxe7+ Kc8 25. Qxg7 Rf7 26. Qe5
 1-0

[Event "12th 4NCL Congress"]
[Site "Harrogate"]
[Date "2017.01.07"]
[Round "3"]
[Board "8"]
[White "Dean, Robert A"]
[Black "Altham, John T"]
[Result "0-1"]
[WhiteElo "1838"]
[BlackElo "1688"]
[PlyCount "62"]
[EventDate "2017.01.06"]
[EventRounds "5"]
[EventCountry "ENG"]

1. e4 e5 2. Nf3 Nc6 3. Bb5 a6 4. Ba4 Nf6 5. O-O Nxe4 6. d4 exd4 7. Re1 d5 8.
Nxd4 Bd6 9. Be3 O-O 10. Nxc6 Qh4 11. h3 Bxh3 12. Nd4 Bg4 13. Nf3 Qh5 14. Nbd2
b5 15. Bb3 Rae8 16. Nf1 c6 17. c3 Re6 18. Bc2 Rf6 19. Bc1 Bxf3 20. gxf3 Rg6+
21. Ng3 Nxg3 22. fxg3 Rxg3+ 23. Kf2 Qh2+ 24. Ke3 Bc5+ 25. Kd3 Qf2 26. Qe2 Rxf3+
27. Kd2 Qg3 28. Kd1 Rf2 29. Qd3 Qg4+ 30. Re2 g6 31. Kd2 Rf3 0-1

[Event "12th 4NCL Congress"]
[Site "Harrogate"]
[Date "2017.01.07"]
[Round "3"]
[Board "9"]
[White "Stephenson, David W"]
[Black "Livesey, R  Nigel"]
[Result "0-1"]
[WhiteElo "1746"]
[BlackElo "1829"]
[PlyCount "88"]
[EventDate "2017.01.06"]
[EventRounds "5"]
[EventCountry "ENG"]

1. d4 e6 2. e4 d5 3. Nc3 Nf6 4. Bg5 Bb4 5. e5 h6 6. Bd2 Bxc3 7. bxc3 Ne4 8. Qg4
g6 9. Nf3 c5 10. Bd3 Nxd2 11. Kxd2 Qc7 12. h4 c4 13. Be2 Nd7 14. h5 g5 15. Nh2
f5 16. Qg3 Nb6 17. f4 Rg8 18. Nf3 g4 19. Nh4 Bd7 20. Ng6 Rg7 21. Qe3 O-O-O 22.
Qg3 Be8 23. Nh4 Qe7 24. Qe3 Kb8 25. g3 Rc8 26. Ng2 Qa3 27. Rhb1 Rc6 28. Rh1 Na4
29. Rab1 Rb6 30. Nh4 Rxb1 31. Rxb1 Qxa2 32. Rb4 a5 33. Nxf5 exf5 34. Rxa4 Bxa4
35. Bd1 Qa3 36. Ke2 Re7 37. Kf2 Bd7 38. Bxg4 fxg4 39. f5 Bxf5 40. Qxh6 Bxc2 41.
Qf8+ Ka7 42. h6 Be4 43. e6 Qb2+ 44. Ke1 Qxc3+ 0-1

[Event "12th 4NCL Congress"]
[Site "Harrogate"]
[Date "2017.01.07"]
[Round "3"]
[Board "10"]
[White "Davies, Sam"]
[Black "Ter-Gevorkian, Aram"]
[Result "0-1"]
[WhiteElo "1757"]
[BlackElo "1927"]
[PlyCount "96"]
[EventDate "2017.01.06"]
[EventRounds "5"]
[EventCountry "ENG"]

1. d4 Nf6 2. Nf3 c5 3. d5 e6 4. Nc3 exd5 5. Nxd5 Nxd5 6. Qxd5 Be7 7. e3 Nc6 8.
Be2 d6 9. O-O Be6 10. Qd1 g5 11. Nd2 Qc7 12. b3 O-O-O 13. Bb2 Rhg8 14. c4 g4
15. a3 h5 16. b4 Ne5 17. Qa4 Bd7 18. Qxa7 Bc6 19. Rfd1 Bf3 20. Qa8+ Kd7 21.
Qa4+ Ke6 22. Bxe5 Bxe2 23. Re1 dxe5 24. Rxe2 cxb4 25. axb4 Ra8 26. Qxa8 Rxa8
27. Rxa8 Bxb4 28. Ra4 Qd6 29. Ra2 Qd3 30. Nf1 Qxc4 31. Rec2 Qd5 32. Rab2 Ba5
33. Rc8 h4 34. Rh8 b5 35. Rxh4 Bc3 36. Rh6+ f6 37. e4 Qc4 38. Ne3 Qd3 39. Rb3
b4 40. g3 Qxe4 41. Rh4 f5 42. h3 Qd3 43. Rh6+ Kd7 44. Rh7+ Kc6 45. Kg2 f4 46.
Rh6+ Kb5 47. gxf4 exf4 48. Nxg4 Qd5+ 0-1

[Event "12th 4NCL Congress"]
[Site "Harrogate"]
[Date "2017.01.07"]
[Round "3"]
[Board "11"]
[White "Graham, Neil"]
[Black "Nezis, Anastasios"]
[Result "0-1"]
[WhiteElo "1812"]
[BlackElo "1904"]
[PlyCount "55"]
[EventDate "2017.01.06"]
[EventRounds "5"]
[EventCountry "ENG"]

1. d4 d6 2. Bg5 c6 3. Nf3 Bg4 4. Nbd2 Qa5 5. c3 Nd7 6. h3 Bh5 7. Qb3 Qc7 8. e4
Ngf6 9. Bd3 e5 10. O-O Be7 11. Rfe1 h6 12. Be3 g5 13. dxe5 dxe5 14. Nh2 Nc5 15.
Qc2 Bg6 16. f3 Nxd3 17. Qxd3 Nd5 18. Qe2 Nxe3 19. Qxe3 f6 20. Kh1 O-O-O 21.
Nhf1 Kb8 22. Nb3 Qb6 23. Qe2 Rd7 24. Rad1 Rhd8 25. Rxd7 Rxd7 26. Qe3 Kc7 27.
Qxb6+ Kxb6 28. Ne3 {Score sheet illegible} 0-1

[Event "12th 4NCL Congress"]
[Site "Harrogate"]
[Date "2017.01.07"]
[Round "3"]
[Board "12"]
[White "Riding, Mick D"]
[Black "Jones, Rupert W"]
[Result "1/2-1/2"]
[WhiteElo "1898"]
[BlackElo "1842"]
[PlyCount "23"]
[EventDate "2017.01.06"]
[EventRounds "5"]
[EventCountry "ENG"]

1. f4 d5 2. Nf3 Nf6 3. g3 g6 4. Bg2 Bg7 5. O-O O-O 6. d3 c6 7. Qe1 Bf5 8. Nh4
Qc8 9. Nxf5 gxf5 10. Qb4 Qd7 11. e4 Na6 12. Qe1 {Score sheet ineligbile}
 1/2-1/2

[Event "12th 4NCL Congress"]
[Site "Harrogate"]
[Date "2017.01.07"]
[Round "3"]
[Board "13"]
[White "Muflehi, Khaled"]
[Black "Holi, Siefaldin A"]
[Result "1-0"]
[WhiteElo "1885"]
[BlackElo "1733"]
[PlyCount "106"]
[EventDate "2017.01.06"]
[EventRounds "5"]
[EventCountry "ENG"]

1. d4 c6 2. c4 d5 3. Nc3 Bf5 4. Bf4 Nf6 5. h3 h5 6. c5 Nbd7 7. Nf3 Qa5 8. Nd2
e6 9. a3 Ne4 10. Ndxe4 Bxe4 11. b4 Qd8 12. e3 g5 13. Bh2 Bg6 14. Bd3 f5 15. b5
Bg7 16. Qa4 Nxc5 17. dxc5 Bxc3+ 18. Ke2 Bxa1 19. bxc6 bxc6 20. Qxc6+ Kf7 21.
Rxa1 Rc8 22. Qb7+ Qe7 23. c6 Rhe8 24. Bd6 Qxb7 25. cxb7 e5 26. bxc8=Q Rxc8 27.
Bxe5 Ke6 28. Bd4 h4 29. Bxa7 Rc3 30. Bd4 Bh5+ 31. Kd2 Rc8 32. a4 g4 33. a5 gxh3
34. gxh3 Bf3 35. a6 Bg2 36. a7 Ra8 37. Rb1 Bxh3 38. Rh1 Bg2 39. Rxh4 Be4 40.
Ba6 Kd6 41. Bb7 Rxa7 42. Bxa7 Kc7 43. Ba6 Bb1 44. Bd3 Ba2 45. Bxf5 Kc6 46. Bd4
Kb5 47. Kc3 Ka4 48. Bd7+ Ka5 49. Rh8 Bc4 50. Ra8+ Ba6 51. Rxa6+ Kxa6 52. Bc6
Ka5 53. Bxd5 Ka4 1-0